000 00768nam a2200229Ia 4500
001 3214
003 GE_BSU
008 181216s||||||||xx |||||||||||||| ||und||
040 _cGE_BSU
080 _a517.0(075.8)
100 _aФихтенгольц,Г.М.
245 _aКурс дифференциального и интегрального исчисления. Том 1.
245 _bУчебник.
245 _cРед. Г.П.Акилов, Ю.А.Горьков.
250 _aИзд. седьмое, стереотипное.
260 _aМ.
260 _bНаука.
260 _c1969.
300 _a607 стр. 21 см.
653 _aКурс дифференциального и интегрального исчисления.
942 _cBK
999 _c37255
_d37255